Entry Personal Name
Number of records used in: 1
001 - CONTROL NUMBER
003 - CONTROL NUMBER IDENTIFIER
005 - DATE AND TIME OF LATEST TRANSACTION
- control field:
20191224152010.0
008 - FIXED-LENGTH DATA ELEMENTS
- fixed length control field:
830801n| acannaab| |n aaa |||
010 ## - LIBRARY OF CONGRESS CONTROL NUMBER
- LC control number:
n 83210959
040 ## - CATALOGING SOURCE
- Original cataloging agency:
DLC
- Transcribing agency:
DLC
100 10 - HEADING--PERSONAL NAME
- Personal name:
Soskice, David W.,
- Dates associated with a name:
1942-
670 ## - SOURCE DATA FOUND
- Source citation:
Flanagan, R.J. Unionism, economic stabilization, and income policies, c1983 (a.e.)
- Information found:
CIP t.p. (David Soskice) data sheet (Soskice, David W.; b. 7/6/42) book t.p. (David W. Soskice)